[Event "RM-2023-0-00279"]
[Site "LSS email"]
[Date "2023.02.26"]
[Round "?"]
[White "Bernal Varela, Nelson"]
[Black "Cirulis, Ilmars"]
[Result "1/2-1/2"]
[WhiteElo "2372"]
[BlackElo "2270"]
[PlyCount "81"]
[EventDate "2022.12.22"]
[EventType "tourn (corr)"]
[EventRounds "6"]
[EventCountry "GER"]
[SourceTitle "Corr 2024"]
[Source "ChessBase"]
[SourceDate "2023.10.19"]
[SourceVersion "1"]
[SourceVersionDate "2023.10.19"]
[SourceQuality "1"]

1. e4 e6 2. d4 d5 3. e5 c5 4. c3 Nc6 5. Nf3 Qb6 6. Bd3 cxd4 7. 0-0 Bd7 8. Re1 Nge7 9. h4 Rc8 10. h5 h6 11. Na3 Nf5 12. Rb1 a6 13. c4 Nb4 14. cxd5 Nxd3 15. Qxd3 Bb4 16. Bd2 Bxd2 17. Nxd2 0-0 18. d6 Qd8 19. Nf3 Bc6 20. Rbc1 Nh4 21. Nxd4 Nxg2 22. Red1 Nf4 23. Qg3 g5 24. hxg6 fxg6 25. Nc4 Bd7 26. b4 g5 27. Ne3 Rxc1 28. Rxc1 Qb6 29. Rc4 Bb5 30. Rc5 Bd3 31. a3 a5 32. Ng2 axb4 33. Nxf4 Qxc5 34. Qxd3 Qc1+ 35. Kg2 Qxf4 36. Qg6+ Kh8 37. Qxh6+ Kg8 38. Qg6+ Kh8 39. Qh6+ Kg8 40. Qg6+ Kh8 41. Qh6+ 1/2-1/2

[Event "RM-2023-0-00279"]
[Site "LSS email"]
[Date "2023.02.26"]
[Round "?"]
[White "Bernal Varela, Nelson"]
[Black "Ozen, Bahadir"]
[Result "1/2-1/2"]
[WhiteElo "2372"]
[BlackElo "2259"]
[PlyCount "74"]
[EventDate "2022.12.22"]
[EventType "tourn (corr)"]
[EventRounds "6"]
[EventCountry "GER"]
[SourceTitle "Corr 2024"]
[Source "ChessBase"]
[SourceDate "2023.10.19"]
[SourceVersion "1"]
[SourceVersionDate "2023.10.19"]
[SourceQuality "1"]

1. e4 e5 2. Nf3 Nc6 3. Bb5 a6 4. Ba4 Nf6 5. 0-0 Be7 6. Re1 b5 7. Bb3 0-0 8. a4 b4 9. d3 d6 10. c3 Rb8 11. Nbd2 Na5 12. Ba2 c5 13. d4 cxd4 14. cxd4 Bb7 15. d5 Nd7 16. Nc4 Nc5 17. Nxa5 Qxa5 18. Bc4 Bc8 19. h3 Kh8 20. Bd2 h6 21. Qe2 f5 22. exf5 Bxf5 23. Nd4 exd4 24. Qxe7 Qd8 25. Bf4 Qxe7 26. Rxe7 Rf6 27. Rd1 Nxa4 28. Bc1 Rc8 29. Rxd4 Nb6 30. b3 Nxc4 31. Rxc4 Rxc4 32. bxc4 Kg8 33. Rb7 a5 34. Ra7 Bd3 35. Rxa5 Bxc4 36. Ra4 Bxd5 37. Rxb4 Rg6 1/2-1/2

[Event "FICGS class GM 000011 email"]
[Site "FICGS email"]
[Date "2022.07.17"]
[Round "1"]
[White "Marciz, Alexander"]
[Black "Bernal Varela, Nelson"]
[Result "1/2-1/2"]
[WhiteElo "2505"]
[BlackElo "2478"]
[PlyCount "67"]
[EventDate "2022.??.??"]
[EventType "tourn (corr)"]
[EventRounds "6"]
[EventCategory "11"]
[SourceTitle "Corr 2024"]
[Source "ChessBase"]
[SourceDate "2023.10.19"]
[SourceVersion "1"]
[SourceVersionDate "2023.10.19"]
[SourceQuality "1"]

1. e4 c5 2. Nc3 e6 3. Nf3 a6 4. Be2 Qc7 5. 0-0 Nc6 6. d4 cxd4 7. Nxd4 Nf6 8. Be3 Be7 9. f4 d6 10. Qe1 Nxd4 11. Bxd4 0-0 12. Qg3 b5 13. a3 Bb7 14. Bf3 Rfd8 15. Kh1 Ne8 16. Ne2 Bc6 17. Qf2 Qb7 18. Qe3 a5 19. c3 b4 20. axb4 axb4 21. Rxa8 Rxa8 22. cxb4 Qxb4 23. Rc1 Qb7 24. b4 h6 25. h3 e5 26. fxe5 Bg5 27. Nf4 Qxb4 28. Rxc6 Bxf4 29. Qxf4 Qxd4 30. exd6 g5 31. Qf5 Nxd6 32. Qc5 Qxc5 33. Rxc5 Ra6 34. h4 1/2-1/2

[Event "ST-2022-0-00218"]
[Site "LSS email"]
[Date "2022.04.04"]
[Round "?"]
[White "Bernal Varela, Nelson"]
[Black "Simmelink, Joop"]
[Result "1/2-1/2"]
[WhiteElo "2391"]
[BlackElo "2462"]
[PlyCount "90"]
[EventDate "2022.02.18"]
[EventType "tourn (corr)"]
[EventRounds "6"]
[EventCountry "GER"]
[SourceTitle "Corr 2024"]
[Source "ChessBase"]
[SourceDate "2023.10.19"]
[SourceVersion "1"]
[SourceVersionDate "2023.10.19"]
[SourceQuality "1"]

1. e4 e5 2. Bc4 Nf6 3. Nc3 Nc6 4. d3 Na5 5. Bb3 Nxb3 6. axb3 d5 7. exd5 Nxd5 8. Qe2 f6 9. f4 Nxc3 10. bxc3 Bd6 11. fxe5 fxe5 12. Qh5+ g6 13. Qh6 Bf8 14. Qe3 Qh4+ 15. g3 Qf6 16. Ne2 Bh3 17. Rxa7 Rxa7 18. Qxa7 Qc6 19. Rg1 b6 20. Bh6 e4 21. Be3 Bg7 22. Qa4 Qxa4 23. bxa4 exd3 24. cxd3 Bg4 25. Rf1 Bf5 26. Kd2 Kd7 27. g4 Be6 28. g5 Ra8 29. Bd4 Bf8 30. Rf4 Bd6 31. Rh4 Bg8 32. Bf6 c5 33. Ng3 Bxg3 34. hxg3 Ra7 35. Ke3 Kc6 36. Rf4 Kd7 37. Bh8 Ra8 38. Be5 Be6 39. Kd2 Ra7 40. Bf6 c4 41. Be5 Rxa4 42. Rd4+ Ke7 43. Bf6+ Kf7 44. Rd6 cxd3 45. Kxd3 h5 1/2-1/2

[Event "ST-2022-0-00218"]
[Site "LSS email"]
[Date "2022.04.02"]
[Round "?"]
[White "Willmann, Bernd"]
[Black "Bernal Varela, Nelson"]
[Result "0-1"]
[WhiteElo "2352"]
[BlackElo "2391"]
[PlyCount "24"]
[EventDate "2022.02.18"]
[EventType "tourn (corr)"]
[EventRounds "6"]
[EventCountry "GER"]
[SourceTitle "Corr 2024"]
[Source "ChessBase"]
[SourceDate "2023.10.19"]
[SourceVersion "1"]
[SourceVersionDate "2023.10.19"]
[SourceQuality "1"]

1. e4 e6 2. d4 d5 3. Nc3 Nf6 4. Bg5 dxe4 5. Nxe4 Be7 6. Bxf6 gxf6 7. Nc3 h5 8. Nf3 a6 9. Bd3 Kf8 10. 0-0 c5 11. dxc5 Bxc5 12. Qd2 Nc6 0-1

[Event "ST-2022-0-00214"]
[Site "LSS email"]
[Date "2022.02.12"]
[Round "?"]
[White "Bernal Varela, Nelson"]
[Black "Enev, Zlatko"]
[Result "1/2-1/2"]
[WhiteElo "2395"]
[BlackElo "2381"]
[PlyCount "60"]
[EventDate "2021.12.07"]
[EventType "tourn (corr)"]
[EventRounds "6"]
[EventCountry "GER"]
[SourceTitle "Corr 2024"]
[Source "ChessBase"]
[SourceDate "2023.10.19"]
[SourceVersion "1"]
[SourceVersionDate "2023.10.19"]
[SourceQuality "1"]

1. e4 c5 2. Nc3 Nc6 3. Nf3 g6 4. d4 cxd4 5. Nxd4 Bg7 6. Be3 Nf6 7. Bc4 0-0 8. Bb3 Re8 9. h3 d6 10. a4 a6 11. 0-0 Qc7 12. Nxc6 bxc6 13. a5 c5 14. Qd3 Bb7 15. Rfd1 Reb8 16. e5 dxe5 17. Qc4 e6 18. Qxc5 Bc6 19. Rd6 Rc8 20. Rad1 Ne8 21. R6d2 Bf8 22. Qb6 Rab8 23. Qxc7 Nxc7 24. Ba7 Ra8 25. Bb6 Bb4 26. Rd3 Rab8 27. Ba7 Ra8 28. Bb6 Rab8 29. g4 Kf8 30. Ba7 Ra8 1/2-1/2

[Event "ST-2022-0-00214"]
[Site "LSS email"]
[Date "2022.02.12"]
[Round "?"]
[White "Koch, Christian"]
[Black "Bernal Varela, Nelson"]
[Result "1/2-1/2"]
[WhiteElo "2366"]
[BlackElo "2395"]
[PlyCount "60"]
[EventDate "2021.12.07"]
[EventType "tourn (corr)"]
[EventRounds "6"]
[EventCountry "GER"]
[SourceTitle "Corr 2024"]
[Source "ChessBase"]
[SourceDate "2023.10.19"]
[SourceVersion "1"]
[SourceVersionDate "2023.10.19"]
[SourceQuality "1"]

1. d4 e6 2. e4 d5 3. Nd2 c5 4. exd5 Qxd5 5. Ngf3 cxd4 6. Bc4 Qd6 7. 0-0 Nf6 8. Nb3 Nc6 9. Nbxd4 Nxd4 10. Nxd4 Be7 11. c3 0-0 12. Qf3 Qc7 13. Bd3 Bd7 14. Re1 Rfd8 15. h3 Rac8 16. Bc2 Be8 17. Re2 Nd5 18. Qe4 Nf6 19. Qf3 Nd5 20. Qd3 g6 21. Qf3 Qd6 22. Bb3 e5 23. Bd2 exd4 24. Bxd5 dxc3 25. Bxc3 Qxd5 26. Qxd5 Rxd5 27. Rxe7 Bc6 28. a3 Re8 29. Rxe8+ Bxe8 30. Re1 Bc6 1/2-1/2

[Event "RM-2022-0-00257"]
[Site "LSS email"]
[Date "2022.02.06"]
[Round "?"]
[White "Ozen, Bahadir"]
[Black "Bernal Varela, Nelson"]
[Result "1/2-1/2"]
[WhiteElo "2316"]
[BlackElo "2397"]
[PlyCount "82"]
[EventDate "2022.01.17"]
[EventType "tourn (corr)"]
[EventRounds "6"]
[EventCountry "GER"]
[SourceTitle "Corr 2024"]
[Source "ChessBase"]
[SourceDate "2023.10.19"]
[SourceVersion "1"]
[SourceVersionDate "2023.10.19"]
[SourceQuality "1"]

1. Nf3 e6 2. g3 d5 3. Bg2 c5 4. 0-0 Nf6 5. d4 cxd4 6. Nxd4 e5 7. Nb3 Be6 8. c4 Nc6 9. cxd5 Nxd5 10. N1d2 Be7 11. Ne4 b6 12. Nc3 Ndb4 13. Be3 Qxd1 14. Rfxd1 Rc8 15. Rdc1 Bf5 16. Ne4 0-0 17. a3 Nd5 18. Nd6 Bxd6 19. Bxd5 Ne7 20. Bc4 Rc7 21. Ba6 Nd5 22. Rxc7 Nxc7 23. Bc4 Rc8 24. a4 Ne8 25. Nd2 Bb4 26. Bb3 e4 27. h3 Nf6 28. g4 Be6 29. a5 bxa5 30. Bxe6 fxe6 31. Nb3 Nd5 32. Bxa7 Rc2 33. Nxa5 Rxb2 34. Nc6 Bc3 35. Bd4 Bxd4 36. Nxd4 Nf4 37. h4 Nxe2+ 38. Nxe2 Rxe2 39. Kf1 Rb2 40. Ra4 e3 41. fxe3 h6 1/2-1/2

[Event "ST-2022-0-00213"]
[Site "LSS email"]
[Date "2022.01.24"]
[Round "?"]
[White "Fuzishawa, Richard"]
[Black "Bernal Varela, Nelson"]
[Result "1/2-1/2"]
[WhiteElo "2332"]
[BlackElo "2395"]
[PlyCount "69"]
[EventDate "2021.12.06"]
[EventType "tourn (corr)"]
[EventRounds "6"]
[EventCountry "GER"]
[SourceTitle "Corr 2024"]
[Source "ChessBase"]
[SourceDate "2023.10.19"]
[SourceVersion "1"]
[SourceVersionDate "2023.10.19"]
[SourceQuality "1"]

1. d4 e6 2. e4 d5 3. Nc3 Nf6 4. e5 Nfd7 5. f4 c5 6. Nf3 cxd4 7. Nxd4 Nc6 8. Be3 Qb6 9. Na4 Qa5+ 10. Nc3 Qb6 11. Qd2 Qxb2 12. Rb1 Qa3 13. Bb5 Nxd4 14. Bxd4 a6 15. Bxd7+ Bxd7 16. Rb3 Qe7 17. Rxb7 Rc8 18. 0-0 Qd8 19. Qf2 Rxc3 20. Bxc3 Qc8 21. Rb3 Ba4 22. Bd4 Bxb3 23. axb3 Be7 24. c3 0-0 25. b4 f6 26. Re1 fxe5 27. Bxe5 Bf6 28. Qd4 h6 29. Bxf6 Rxf6 30. g3 Rf7 31. Qe3 Kh8 32. Kf2 Rf8 33. h4 Qc4 34. Qd4 Qxd4+ 35. cxd4 1/2-1/2